|
|
|
|
| LEADER |
02365nam a2200349 a 4500 |
| 001 |
16810789 |
| 008 |
120222s2011 nyuab b 001 0 eng |
| 010 |
|
|
|a 2011286353
|
| 020 |
|
|
|a 9781259002557
|
| 020 |
|
|
|a 9780073528267 (alk. paper)
|
| 020 |
|
|
|a 0073528269 (alk. paper)
|
| 040 |
|
|
|a DLC
|c DLC
|d BD-DhAAL
|
| 042 |
|
|
|a pcc
|
| 050 |
0 |
0 |
|a HM585
|b .S324 2011
|
| 082 |
0 |
0 |
|a 301
|2 23
|
| 100 |
1 |
|
|a Schaefer, Richard T.
|
| 245 |
1 |
0 |
|a Sociology :
|b a brief introduction /
|c Richard T. Schaefer.
|
| 250 |
|
|
|a 9th ed.
|
| 260 |
|
|
|a New York ;
|a New Delhi :
|b Tata McGraw-Hill,
|c 2011.
|
| 300 |
|
|
|a xxxii, 495 p. :
|b ill., maps ;
|c 28 cm.
|
| 504 |
|
|
|a Includes bibliographical references and index.
|
| 541 |
|
|
|e 00024575
|
| 505 |
0 |
|
|a Understanding sociology -- Sociological research -- Culture -- Socialization and the life course -- Social interaction, groups, and social structure -- The mass media -- Deviance and social control -- Stratification and social mobility in the United States -- Global inequality -- Racial and ethnic inequality -- Stratification by gender -- The family and intimate relationships -- Religion and education -- Government and the economy -- Health and the environment -- Social change in the global community.
|
| 650 |
|
0 |
|a Sociology.
|
| 852 |
1 |
|
|a Ayesha Abed Library
|c General shelf.
|
| 942 |
0 |
0 |
|0 4
|
| 999 |
|
|
|c 11910
|d 11910
|
| 952 |
|
|
|0 0
|1 0
|2 ddc
|4 0
|6 301_000000000000000_SCH
|7 0
|9 19479
|a BRACUL
|b BRACUL
|c SPS
|d 2012-02-20
|e Devlopment Book Agency
|g 1210.00
|l 37
|m 326
|o 301 SCH
|p 3010024575
|r 2022-09-27
|s 2022-06-09
|t 1
|w 2012-02-22
|y BK
|x Photocopy Book. Declared as Damaged on December 10, 2023
|
| 952 |
|
|
|0 0
|1 0
|2 ddc
|4 0
|6 301_000000000000000_SCH
|7 0
|9 19480
|a BRACUL
|b BRACUL
|c GEN
|d 2012-02-20
|l 45
|m 328
|o 301 SCH
|p 3010024576
|r 2025-10-07
|s 2025-02-12
|t 2
|w 2012-02-22
|y BK
|
| 952 |
|
|
|0 0
|1 3
|2 ddc
|4 0
|6 301_000000000000000_SCH
|7 0
|9 19481
|a BRACUL
|b BRACUL
|c GEN
|d 2012-02-20
|l 38
|m 302
|o 301 SCH
|p 3010024577
|r 2022-02-22
|s 2020-01-20
|t 3
|w 2012-02-22
|y BK
|x Paid : 2420tk by: 17304038 Receipt: 42695 Date: 22.02.2022
|
| 952 |
|
|
|0 0
|1 0
|2 ddc
|4 0
|6 301_SCH
|7 0
|9 19482
|a BRACUL
|b BRACUL
|c GEN
|d 2012-02-20
|l 43
|m 377
|o 301 SCH
|p 3010024578
|r 2026-04-02
|s 2026-03-29
|t 4
|w 2012-02-22
|y BK
|
| 952 |
|
|
|0 0
|1 0
|2 ddc
|4 0
|6 301_000000000000000_SCH
|7 0
|9 19483
|a BRACUL
|b BRACUL
|c GEN
|d 2012-02-20
|e Devlopment Book Agency
|g 1210.00
|l 49
|m 315
|o 301 SCH
|p 3010024579
|r 2025-02-18
|s 2025-02-11
|t 5
|w 2012-02-22
|y BK
|